European City to Building - Picture Quiz - Statistics

General Stats
  • This quiz has been taken 245 times
  • The average score is 8 of 15
Answer Stats
Picture Answer % Correct
Paris
96%
Brussels
81%
London
79%
Berlin
75%
Barcelona
74%
Saint Petersburg
69%
Prague
61%
Lisbon
59%
Frankfurt
47%
Vienna
46%
Florence
38%
Helsinki
29%
Malmö
24%
Reykjavik
15%
Utrecht
9%
No matching quizzes found
Score Distribution
Percent of People with Each Score
Percentile by Number Answered
Your Score History
You have not taken this quiz